00720nam a22002057a 4500003000900000008004100009040007100050082001600121100002700137110003400164245003000198260003400228300005100262440000600313505009500319650002800414650002200442650002700464700002300491AR-CdUCM190502b ||||| |||| 00| 0 spa d aMUNICIPALIDAD PROVINCIAL DEL CUSCOcBIBLIOTECA MUNICIPAL DEL CUSCO a922 /bAL47 aAlva Orlandini, Hernan aBiblioteca Hombres del Perú aS. Toribio de Mogrovejo / aLima :bUniversitaria,c1964. a95 páginas ;c20 cm.bDibujos de personajes, a2 aContenido; S. Toribio de Mogrovejo -- Ruben Vargas Ugarte S. J. -- San Francisco Zolano... aHistoria eclesiástica aArzobispo de Lima aPerú en el siglo XVI aBartra, Enrique T.